Siahnuť si hlbšie do vrecka
Vláda opäť otvára otázku platenia štúdia na vysokých školách. Náklady spojené so štúdiom na vysokej škole. Prehľad podmienok poisťovní, ktoré poskytujú poistenie študijných nákladov.
Gespeichert in:
| 1. Verfasser: | |
|---|---|
| Format: | Buchkapitel |
| Sprache: | Slowakisch |
| Schlagworte: | |
| Tags: |
Keine Tags, Fügen Sie das erste Tag hinzu!
|
MARC
| LEADER | 00000naa a2200000 4500 | ||
|---|---|---|---|
| 001 | r046992 | ||
| 005 | 20230920080906.5 | ||
| 041 | 0 | |a slo | |
| 044 | |a SK | ||
| 245 | 1 | 0 | |a Siahnuť si hlbšie do vrecka |c Katarína Ragáčová |
| 520 | |a Vláda opäť otvára otázku platenia štúdia na vysokých školách. Náklady spojené so štúdiom na vysokej škole. Prehľad podmienok poisťovní, ktoré poskytujú poistenie študijných nákladov. | ||
| 610 | 2 | 0 | |a náklady na vzdelanie |
| 610 | 2 | 0 | |a financovanie |
| 610 | 2 | 0 | |a školstvo |
| 610 | 2 | 0 | |a štúdium vysokoškolské |
| 610 | 2 | 0 | |a pôžičky |
| 610 | 2 | 0 | |a poisťovne |
| 610 | 2 | 0 | |a reformy školské |
| 610 | 2 | 0 | |a Slovensko |
| 100 | 1 | |a Ragáčová, Katarína | |